Faculty of Law Library — Cairo University

Official Online Catalog

الموسوعة الحديثة في شرح نظام العاملين في القطاع العام : (Record no. 55502)

MARC details
000 -LEADER
fixed length control field 01837nam a2200325 i 4500
003 - CONTROL NUMBER IDENTIFIER
control field EG-GICUC
005 - DATE AND TIME OF LATEST TRANSACTION
control field 20260121101702.0
008 - FIXED-LENGTH DATA ELEMENTS--GENERAL INFORMATION
fixed length control field 260108s1971 ua ||||fr|||| 00| 0 ara d
017 ## - COPYRIGHT OR LEGAL DEPOSIT NUMBER
Copyright or legal deposit number ١٩٧٠/٦١١٨
040 ## - CATALOGING SOURCE
Original cataloging agency EG-GICUC
Language of cataloging ara
Transcribing agency EG-GICUC
Modifying agency EG-GICUC
Description conventions rda
041 0# - LANGUAGE CODE
Language code of text/sound track or separate title ara
082 04 - DEWEY DECIMAL CLASSIFICATION NUMBER
Edition number 21
Classification number 345.455
Item number م ح . م
092 04 - LOCALLY ASSIGNED DEWEY CALL NUMBER (OCLC)
Edition number 21
099 ## - LOCAL FREE-TEXT CALL NUMBER (OCLC)
Classification number Law1 07 345.455 م ح . م 1971
100 0# - MAIN ENTRY--PERSONAL NAME
Personal name محمد عبد المجيد مرعي
Relator term مؤلف.
245 12 - TITLE STATEMENT
Title الموسوعة الحديثة في شرح نظام العاملين في القطاع العام :
Remainder of title المؤسسات العامة والوحدات الاقتصادية التابعة لها و قانون الهيئات العامة /
Statement of responsibility, etc. محمد عبد المجيد مرعي.
264 #1 - PRODUCTION, PUBLICATION, DISTRIBUTION, MANUFACTURE, AND COPYRIGHT NOTICE
Place of production, publication, distribution, manufacture القاهرة :
Name of producer, publisher, distributor, manufacturer عالم الكتب،
Date of production, publication, distribution, manufacture, or copyright notice 1971.
300 ## - PHYSICAL DESCRIPTION
Extent 480 صفحة؛
Dimensions 24 سم.
336 ## - CONTENT TYPE
Source rda content
Content type term text
337 ## - MEDIA TYPE
Source rda media
Media type term Computer
338 ## - CARRIER TYPE
Source rda carrier
Carrier type term Online Resource
504 ## - BIBLIOGRAPHY, ETC. NOTE
Bibliography, etc. note يشتمل على إرجاعات ببليوجرافية.
505 ## - FORMATTED CONTENTS NOTE
Formatted contents note القانون رقم ٣٢ لسنة ١٩٦٦ - قرار رئيس الجمهورية رقم ٣٣٠٩ لسنة ١٩٦٦ قرار رئيس الجمهورية رقم ٨٤٩ لسنة ١٩٧٠ باللائحة التنفيذية<br/>القوانين والقرارات المكملة - التفسيرات التشريعية - أحدث أحكام القضاء فتاوى مجلس الدولة - قرارات التحكيم تعليمات الجهاز المركزى للتنظيم والإداره.
546 ## - LANGUAGE NOTE
Language note النص باللغة العربية
650 14 - SUBJECT ADDED ENTRY--TOPICAL TERM
Topical term or geographic name entry element النظام القانوني للعاملين بالقطاع العام
650 14 - SUBJECT ADDED ENTRY--TOPICAL TERM
Topical term or geographic name entry element القانون الإداري
856 40 - ELECTRONIC LOCATION AND ACCESS
Uniform Resource Identifier <a href="https://fll.law.cu.edu.eg/fulltext/bks/B07-01547.pdf">https://fll.law.cu.edu.eg/fulltext/bks/B07-01547.pdf</a>
905 ## - Cataloger and Reviser Names
Cataloger Name: Sara El-Gendy
942 ## - ADDED ENTRY ELEMENTS (KOHA)
Source of classification or shelving scheme Dewey Decimal Classification
Koha item type Books
Edition 21
Suppress in OPAC No
Holdings
Withdrawn status Lost status Source of classification or shelving scheme Damaged status Not for loan Collection Home library Current library Date acquired Total checkouts Full call number Barcode Date last seen Copy number Price effective from Koha item type
    Dewey Decimal Classification   Not for loan القانون الإداري جــــامعة القــاهرة مكتبة كلية الحقوق - المبنى الرئيسي 08.01.2026   Law1 07 345.455 م ح . م 1971 0701547 C1 B07-01547 08.01.2026 1 08.01.2026 Books

© All rights reserved — Faculty of Law, Cairo University